[Event "Excelsior May op U2000"]
[Site "Toronto CAN"]
[Date "2023.05.21"]
[Round "4.13"]
[White "Huang, Ivan"]
[Black "Desikan, Ajith"]
[Result "1/2-1/2"]
[WhiteElo "1593"]
[BlackElo "1660"]
[PlyCount "45"]
[EventDate "2023.05.19"]
[EventType "swiss"]
[EventRounds "5"]
[EventCountry "CAN"]

1. d4 Nf6 2. Nf3 d5 3. g3 e6 4. Bg2 c5 5. O-O cxd4 6. Nxd4 Nc6 7. c4 Bc5 8. Nb3
Be7 9. cxd5 Nxd5 10. e4 Ndb4 11. Qxd8+ Bxd8 12. Nc3 O-O 13. Rd1 e5 14. a3 Nc2
15. Rb1 Bg4 16. f3 Bb6+ 17. Kh1 Be6 18. Nd5 Rad8 19. f4 Bg4 20. Rd2 N2d4 21.
Nxb6 Nxb3 22. Rxd8 Rxd8 23. Nd5 1/2-1/2

[Event "Excelsior May op U2000"]
[Site "Toronto CAN"]
[Date "2023.05.21"]
[Round "5.6"]
[White "Cottrell, Deparse"]
[Black "Ambilwade, Ojal"]
[Result "1-0"]
[WhiteElo "1604"]
[BlackElo "1632"]
[PlyCount "165"]
[EventDate "2023.05.19"]
[EventType "swiss"]
[EventRounds "5"]
[EventCountry "CAN"]

1. c4 c5 2. Nf3 Nf6 3. Nc3 Nc6 4. g3 e6 5. e4 d6 6. Bg2 Be7 7. O-O O-O 8. d4
cxd4 9. Nxd4 Bd7 10. Be3 Ne5 11. Qe2 Neg4 12. Bc1 Ne5 13. f4 Nc6 14. Nb3 a5 15.
Be3 a4 16. Nd4 Ne8 17. Rad1 Na5 18. f5 e5 19. Nf3 Rc8 20. c5 f6 21. Nh4 dxc5
22. Qh5 Nd6 23. Ng6 Qe8 24. g4 Qf7 25. Rf3 h6 26. Rh3 Rfe8 27. Nd5 Bf8 28. Nb6
Rc7 29. Nxf8 Qxf8 30. Bxc5 Rc6 31. Nxd7 Qe7 32. Bxd6 Qxd7 33. Rhd3 Qc8 34. Bb4
Nc4 35. Rd7 Nd6 36. R7xd6 Rxd6 37. Bxd6 Rd8 38. Qh3 Rxd6 39. Rxd6 Qc5+ 40. Kh1
Qxd6 41. Bf1 Qb4 42. Qg2 Qe1 43. Qe2 Qb1 44. Kg2 Kh7 45. a3 Qc1 46. h3 Qb1 47.
Kf2 Qc1 48. Bg2 Qf4+ 49. Bf3 Qh2+ 50. Ke3 Qxh3 51. Qb5 Qg3 52. Qxb7 Qe1+ 53.
Be2 Qc1+ 54. Kd3 Qg1 55. Qb4 Qg3+ 56. Kc2 Qf2 57. Qc4 Qh2 58. Kc3 Qg3+ 59. Kb4
Qe1+ 60. Kxa4 Qd2 61. b4 Qd7+ 62. b5 Qa7+ 63. Kb4 Qe3 64. a4 Qd2+ 65. Kc5 Qa5
66. Kc6 Qa8+ 67. Kd7 Qa7+ 68. Kd6 Qb6+ 69. Qc6 Qd4+ 70. Kc7 Qa7+ 71. Kc8 Qxa4
72. Bc4 Qa3 73. b6 Qf8+ 74. Kb7 Qe7+ 75. Kb8 Qd8+ 76. Ka7 Qd4 77. Qd5 Qa1+ 78.
Ba2 h5 79. gxh5 Kh6 80. b7 Qg1+ 81. Ka8 Qf1 82. Qa5 Qd3 83. Bd5 1-0

[Event "Excelsior May op U2000"]
[Site "Toronto CAN"]
[Date "2023.05.21"]
[Round "5.7"]
[White "Faisy, Mohammed"]
[Black "Zhao, Jifan"]
[Result "1-0"]
[WhiteElo "1839"]
[BlackElo "1825"]
[PlyCount "31"]
[EventDate "2023.05.19"]
[EventType "swiss"]
[EventRounds "5"]
[EventCountry "CAN"]

1. e4 e6 2. d4 d5 3. Nc3 Nf6 4. Bg5 dxe4 5. Nxe4 Nbd7 6. Nxf6+ Nxf6 7. Nf3 Be7
8. Bd3 O-O 9. Qe2 c5 10. dxc5 Qa5+ 11. c3 Qxc5 12. O-O-O b5 13. Bxf6 Bxf6 14.
Qe4 Bg5+ 15. Nxg5 f5 16. Qxa8 1-0

[Event "Excelsior May op U2000"]
[Site "Toronto CAN"]
[Date "2023.05.21"]
[Round "5.8"]
[White "Ajith, Aarush"]
[Black "O'Neill, Michael"]
[Result "0-1"]
[WhiteElo "1667"]
[BlackElo "1543"]
[PlyCount "94"]
[EventDate "2023.05.19"]
[EventType "swiss"]
[EventRounds "5"]
[EventCountry "CAN"]

1. d4 d5 2. Nf3 Nf6 3. Bf4 c5 4. c3 Nc6 5. Qc2 cxd4 6. Nxd4 Nxd4 7. cxd4 Qb6 8.
Nc3 Qxd4 9. e3 Qc5 10. Be2 Bd7 11. Qb3 Qb6 12. Bb5 Bxb5 13. Nxb5 Qa5+ 14. Nc3
b6 15. O-O a6 16. Bc7 Qc5 17. Bxb6 Qc6 18. Bd4 e6 19. Rac1 Be7 20. Na4 Qb5 21.
Nb6 Qxb3 22. axb3 Rb8 23. Ra1 e5 24. Bxe5 Rxb6 25. Rfc1 Kd7 26. Rc7+ Ke6 27.
Bd4 Rxb3 28. Rxa6+ Bd6 29. Bc5 Rd8 30. Rcc6 Ne8 31. Ba3 Rb7 32. f4 Ke7 33. Kf2
Bxa3 34. bxa3 Rd6 35. Rxd6 Nxd6 36. a4 Rb2+ 37. Kf3 h5 38. Ra5 Ke6 39. Ra6 f5
40. a5 Ra2 41. h4 g6 42. g3 Kd7 43. Ra7+ Kc6 44. Ra6+ Kc5 45. Ra8 Ne4 46. Rc8+
Kd6 47. Rd8+ Kc7 0-1

[Event "Excelsior May op U2000"]
[Site "Toronto CAN"]
[Date "2023.05.21"]
[Round "5.9"]
[White "Huang, Justin"]
[Black "Chertkow, Matthew"]
[Result "1/2-1/2"]
[WhiteElo "1579"]
[BlackElo "1598"]
[PlyCount "72"]
[EventDate "2023.05.19"]
[EventType "swiss"]
[EventRounds "5"]
[EventCountry "CAN"]

1. d4 Nf6 2. c4 c5 3. Nf3 g6 4. Nc3 Bg7 5. e4 cxd4 6. Nxd4 d6 7. f3 O-O 8. Be3
Bd7 9. Be2 Nc6 10. Qd2 Qa5 11. O-O a6 12. Nb3 Qc7 13. Nd5 Nxd5 14. cxd5 Ne5 15.
Rac1 Qd8 16. Qb4 b5 17. Na5 Nc4 18. Bxc4 bxc4 19. Nc6 Qe8 20. Qxc4 e6 21. Bg5
Bxb2 22. Rb1 Bg7 23. Rb7 Kh8 24. Be7 Qc8 25. Rfb1 Re8 26. Rb8 Rxb8 27. Rxb8 Qc7
28. Bd8 exd5 29. exd5 Qxb8 30. Nxb8 Bb5 31. Qb4 Rxd8 32. Nc6 Re8 33. Qxd6 Re1+
34. Kf2 Re2+ 35. Kg3 h5 36. h4 Re8 1/2-1/2

[Event "Excelsior May op U2000"]
[Site "Toronto CAN"]
[Date "2023.05.21"]
[Round "5.11"]
[White "Desikan, Ajith"]
[Black "Deepak, Laksshana"]
[Result "1-0"]
[WhiteElo "1660"]
[BlackElo "1726"]
[PlyCount "125"]
[EventDate "2023.05.19"]
[EventType "swiss"]
[EventRounds "5"]
[EventCountry "CAN"]

1. d4 Nf6 2. Bf4 g6 3. e3 Bg7 4. Nf3 d5 5. h3 Nbd7 6. c3 b6 7. Nbd2 Bb7 8. Bb5
O-O 9. O-O c6 10. Bd3 c5 11. Re1 c4 12. Bc2 Ne8 13. e4 e6 14. e5 h6 15. Qe2 g5
16. Nxg5 hxg5 17. Qh5 f5 18. Bxg5 Qc7 19. Qg6 Qc6 20. g4 Rf7 21. gxf5 Nf8 22.
Qh5 exf5 23. f4 Nc7 24. Nf1 Re8 25. Ne3 Bc8 26. Kf2 Qg6 27. Qf3 Qh7 28. h4 Nfe6
29. Rh1 Nxg5 30. hxg5 Qg6 31. Rh2 Be6 32. Rah1 Rff8 33. Qg2 Rd8 34. Ng4 Kf7 35.
Nh6+ Ke7 36. Ke3 Rh8 37. b3 b5 38. bxc4 bxc4 39. Qf1 Rb8 40. Qc1 Nb5 41. Ke2
Kd7 42. a4 Nc7 43. Qa3 Bf8 44. Qa2 Be7 45. a5 Kc8 46. Ng4 Rxh2+ 47. Rxh2 Qg7
48. Ne3 Qf8 49. Rh6 Bd7 50. Ba4 Ba3 51. Bxd7+ Kxd7 52. Nc2 Rb2 53. Qa1 Nb5 54.
Qh1 Nc7 55. Rh8 Rb1 56. Rh7+ Be7 57. Qxb1 Qg8 58. Qh1 Ne6 59. Qxd5+ Ke8 60. Rh6
Bxg5 61. Qxe6+ Qxe6 62. Rxe6+ Kd7 63. Ra6 1-0

[Event "Excelsior May op U2000"]
[Site "Toronto CAN"]
[Date "2023.05.21"]
[Round "5.12"]
[White "Sreekumar, Gauri"]
[Black "Huang, Ivan"]
[Result "0-1"]
[WhiteElo "1557"]
[BlackElo "1593"]
[PlyCount "124"]
[EventDate "2023.05.19"]
[EventType "swiss"]
[EventRounds "5"]
[EventCountry "CAN"]

1. d4 d5 2. c4 e6 3. Nf3 c6 4. g3 Nf6 5. Bg2 dxc4 6. O-O Be7 7. Ne5 Nbd7 8.
Nxc4 Nb6 9. Nxb6 Qxb6 10. Nc3 O-O 11. e3 Rd8 12. Qe2 Bd7 13. Rd1 c5 14. d5 exd5
15. Nxd5 Nxd5 16. Bxd5 Bc6 17. Bxc6 Rxd1+ 18. Qxd1 Qxc6 19. Bd2 Rd8 20. Qe2 b5
21. Rd1 b4 22. e4 c4 23. Be3 Rxd1+ 24. Qxd1 c3 25. bxc3 bxc3 26. Qc2 a5 27. Bd4
Bb4 28. a3 Bxa3 29. Qxc3 Qxc3 30. Bxc3 Bb4 31. Ba1 f6 32. Kf1 Kf7 33. Ke2 Ke6
34. Kd3 g6 35. f3 f5 36. exf5+ Kxf5 37. Bb2 h5 38. h4 Bd6 39. Bc3 a4 40. g4+
hxg4 41. fxg4+ Kxg4 42. Bf6 Bg3 43. Kc4 Bxh4 44. Bd4 Be7 45. Bb6 Kf3 46. Bd4 g5
47. Bb6 g4 48. Bd4 g3 49. Bb6 a3 50. Kb3 g2 51. Bd4 Ke2 52. Bb6 Kf1 53. Ba7
g1=Q 54. Bxg1 Kxg1 55. Ka2 Kf2 56. Kb3 Ke2 57. Ka2 Kd3 58. Kb3 Bd6 59. Ka2 Kc3
60. Ka1 Kb3 61. Kb1 a2+ 62. Ka1 Be5# 0-1

[Event "Excelsior May op U2000"]
[Site "Toronto CAN"]
[Date "2023.05.21"]
[Round "5.13"]
[White "Murali, Dhruv"]
[Black "Hettigama, Thusitha"]
[Result "1-0"]
[WhiteElo "1605"]
[BlackElo "1684"]
[PlyCount "68"]
[EventDate "2023.05.19"]
[EventType "swiss"]
[EventRounds "5"]
[EventCountry "CAN"]

1. b3 d5 2. Bb2 Nf6 3. e3 g6 4. Nf3 Bg7 5. d4 Bg4 6. Nbd2 O-O 7. c4 c5 8. Bd3
Nc6 9. h3 Bxf3 10. Nxf3 Qa5+ 11. Qd2 Qxd2+ 12. Kxd2 Nb4 13. a3 Nxd3 14. Kxd3
Ne4 15. Ke2 Rfd8 16. Rhd1 e6 17. Nd2 Nxd2 18. Rxd2 dxc4 19. bxc4 Rd7 20. Rad1
Rad8 21. d5 Bxb2 22. Rxb2 exd5 23. Rxd5 b6 24. e4 Kf8 25. Rbd2 Ke7 26. Ke3 Ke6
27. f4 f6 28. g4 Rd6 29. f5+ gxf5 30. exf5+ Ke7 31. Ke4 h6 32. Rxd6 Rxd6 33.
Rxd6 Kxd6 34. h4 a6 {illisible. Win in 47 moves} 1-0

[Event "Excelsior November op"]
[Site "Toronto CAN"]
[Date "2023.11.17"]
[Round "1.3"]
[White "Campbell, Ryan"]
[Black "Lu, Eddie"]
[Result "1-0"]
[WhiteElo "2235"]
[BlackElo "2035"]
[PlyCount "63"]
[EventDate "2023.11.17"]
[EventType "swiss"]
[EventRounds "5"]
[EventCountry "CAN"]

1. e4 c5 2. Nf3 e6 3. d4 cxd4 4. Nxd4 Nc6 5. Nc3 Qc7 6. Be3 a6 7. a3 b5 8. Bd3
Ne5 9. O-O Nf6 10. f3 Bb7 11. Nb3 d5 12. exd5 Nxd3 13. Qxd3 Bxd5 14. Nxd5 Nxd5
15. Bf2 Bd6 16. h3 Rc8 17. c3 Nf4 18. Qe4 f5 19. Qe3 O-O 20. Rad1 Qe7 21. Kh1
Bb8 22. h4 Rf6 23. Nd4 Rc4 24. Rfe1 Nd5 25. Qe2 Rh6 26. Nxf5 Rcxh4+ 27. Nxh4
Rxh4+ 28. Kg1 Nf4 29. Qd2 Bc7 30. Qd7 Nh3+ 31. gxh3 Qg5+ 32. Kf1 1-0

[Event "Excelsior November op"]
[Site "Toronto CAN"]
[Date "2023.11.17"]
[Round "1.4"]
[White "Maulucci, Anthony"]
[Black "Yang, Larry"]
[Result "0-1"]
[WhiteElo "2011"]
[BlackElo "2212"]
[PlyCount "96"]
[EventDate "2023.11.17"]
[EventType "swiss"]
[EventRounds "5"]
[EventCountry "CAN"]

1. d4 Nf6 2. c4 g6 3. Nc3 d5 4. cxd5 Nxd5 5. e4 Nxc3 6. bxc3 Bg7 7. Bc4 c5 8.
Ne2 cxd4 9. cxd4 Nc6 10. Be3 O-O 11. O-O Na5 12. Bd3 b6 13. Rc1 Bb7 14. f4 f5
15. exf5 gxf5 16. Qe1 Rf6 17. Ng3 e6 18. Rf2 Rg6 19. Be2 Bd5 20. Bf3 Nc4 21.
Rxc4 Bxc4 22. Bxa8 Qxa8 23. Qb4 Qd5 24. Qe7 Qa5 25. Rd2 Bf8 26. Qd8 Qa3 27. Kf2
Qd6 28. Qc8 b5 29. h4 Rg4 30. Nh5 Qe7 31. g3 Bd5 32. Rc2 Qf7 33. Bd2 Qxh5 34.
Bb4 Qh6 35. Rc7 Rg6 36. Be7 Rf6 37. Bxf6 Qxf6 38. Ke3 Qg6 39. Kf2 Qg4 40. Rc3
Bxa2 41. Ra3 Bd5 42. Rxa7 Qf3+ 43. Ke1 Qxg3+ 44. Kd1 Qf3+ 45. Ke1 Qe3+ 46. Kf1
Qxf4+ 47. Ke2 Bc4+ 48. Ke1 Qe3+ 0-1

[Event "Excelsior November op"]
[Site "Toronto CAN"]
[Date "2023.11.17"]
[Round "1.6"]
[White "Oancea, Nicolae"]
[Black "Moses, Neil"]
[Result "1-0"]
[WhiteElo "1997"]
[BlackElo "2161"]
[PlyCount "54"]
[EventDate "2023.11.17"]
[EventType "swiss"]
[EventRounds "5"]
[EventCountry "CAN"]

1. Nf3 d5 2. c4 c6 3. e3 Nf6 4. Nc3 g6 5. Be2 Bg7 6. O-O O-O 7. b3 c5 8. cxd5
Nxd5 9. Bb2 Nc6 10. Na4 b6 11. Bxg7 Kxg7 12. d4 cxd4 13. Nxd4 Bb7 14. Rc1 Rc8
15. Bg4 e6 16. Bxe6 Rc7 17. Nxc6 Rxc6 18. Bxd5 Rxc1 19. Qd4+ Kg8 20. Bxf7+ Kxf7
21. Rxc1 Qxd4 22. Rc7+ Ke6 23. exd4 Rf7 24. Rxf7 Kxf7 25. f3 Ke6 26. Kf2 Kd5
27. Ke3 Bc8 1-0

[Event "Excelsior November op"]
[Site "Toronto CAN"]
[Date "2023.11.17"]
[Round "1.7"]
[White "Singh Dhaliwal, Jaipreet"]
[Black "Zhong, Ryan Yunhui"]
[Result "1-0"]
[WhiteElo "2148"]
[BlackElo "1986"]
[PlyCount "169"]
[EventDate "2023.11.17"]
[EventType "swiss"]
[EventRounds "5"]
[EventCountry "CAN"]

1. e4 e6 2. d4 d5 3. e5 c5 4. c3 Nc6 5. Nf3 Bd7 6. dxc5 Bxc5 7. Bd3 Qc7 8. Qe2
Nge7 9. Bf4 a6 10. O-O Ng6 11. Bg3 b5 12. Nbd2 Qb7 13. h4 Nge7 14. Rfe1 b4 15.
c4 a5 16. Rac1 Ba7 17. cxd5 exd5 18. Nb3 O-O 19. Nc5 Bxc5 20. Rxc5 Nd8 21. Ng5
h6 22. e6 Nxe6 23. Nxe6 Bxe6 24. Rc7 Qb6 25. Rxe7 Rfc8 26. Bb1 Rc6 27. Qd2 Qc5
28. Rb7 Rd8 29. Qf4 d4 30. Rc7 d3 31. Rxc6 Qxc6 32. Qd2 Bf5 33. Kh2 Qc4 34. Re5
Bg6 35. Rxa5 Re8 36. Re5 Rxe5 37. Bxe5 Qxh4+ 38. Kg1 Qe7 39. Bf4 Qe4 40. Bd6 b3
41. axb3 Qd5 42. Bb4 Qxb3 43. Bc3 Qc4 44. Qd1 Qa6 45. Bd2 Qa1 46. Qc1 Bf5 47.
b4 Qa4 48. Qf1 Qb3 49. Qc1 Qa4 50. Kh2 Qb3 51. Kh1 Qa4 52. Kg1 Qb3 53. Kh2 Kh8
54. Qf1 Kg8 55. Kg1 Kh8 56. Qe1 Kg8 57. Kh1 Kh8 58. f3 Kg8 59. Kh2 Kh8 60. Qe5
Bg6 61. Qa1 Kh7 62. Qa2 Qd1 63. Qb2 Qe2 64. b5 f5 65. Qc3 f4 66. Bxf4 Qe7 67.
Qd2 Qd7 68. b6 Qb5 69. Qd1 Qh5+ 70. Kg1 Qc5+ 71. Kh2 Qh5+ 72. Kg3 Be4 73. Kf2
Qc5+ 74. Be3 Qf5 75. b7 Qf8 76. Bxd3 Bxd3 77. Qxd3+ Kh8 78. Qd7 Kh7 79. Qc8 Qe7
80. b8=Q Qh4+ 81. Qg3 Qb4 82. Qf5+ Kh8 83. Qc8+ Kh7 84. Qc2+ Kg8 85. Qf4 1-0

[Event "Excelsior November op"]
[Site "Toronto CAN"]
[Date "2023.11.17"]
[Round "1.8"]
[White "Chaurette, Laurent"]
[Black "Wang, Derek"]
[Result "0-1"]
[WhiteElo "1940"]
[BlackElo "2086"]
[PlyCount "62"]
[EventDate "2023.11.17"]
[EventType "swiss"]
[EventRounds "5"]
[EventCountry "CAN"]

1. d4 d5 2. c4 e6 3. Nf3 Nf6 4. g3 c5 5. cxd5 Nxd5 6. Bg2 Nc6 7. O-O Be7 8. Nc3
O-O 9. e4 Nf6 10. d5 exd5 11. exd5 Nb4 12. Ne5 Bf5 13. a3 Nc2 14. Ra2 Nd4 15.
b4 Qc7 16. Nc4 cxb4 17. Qxd4 bxc3 18. d6 Qd7 19. Bf4 Rfd8 20. Qxc3 Bf8 21. Bg5
Rac8 22. Bxf6 gxf6 23. Bd5 b5 24. Qxf6 bxc4 25. Re1 Bg6 26. Rae2 Qxd6 27. Be6
fxe6 28. Rxe6 Qd4 29. Qg5 Qg7 30. Qf4 c3 31. h4 Re8 0-1

[Event "Excelsior November op"]
[Site "Toronto CAN"]
[Date "2023.11.18"]
[Round "2.1"]
[White "Yang, Larry"]
[Black "Sambuev, Bator"]
[Result "0-1"]
[WhiteElo "2212"]
[BlackElo "2576"]
[PlyCount "59"]
[EventDate "2023.11.17"]
[EventType "swiss"]
[EventRounds "5"]
[EventCountry "CAN"]

1. e4 e6 2. d4 d5 3. Nd2 c5 4. exd5 exd5 5. Bb5+ Nc6 6. Qe2+ Be7 7. Ngf3 Nf6 8.
dxc5 O-O 9. O-O Bxc5 10. Nb3 Bb6 11. Be3 Re8 12. Bxc6 bxc6 13. Bxb6 axb6 14.
Qd2 Bg4 15. Rfe1 Bxf3 16. Rxe8+ Nxe8 17. gxf3 Qf6 18. Qd4 Qf5 19. f4 Qxf4 20.
Rd1 Qf3 21. Re1 Nf6 22. Re3 Qf5 23. Qxb6 Ng4 24. Rg3 h5 25. h3 Ne5 26. Nd4 Qf6
27. Qb7 Ra4 28. a3 Rxd4 29. Qc8+ Kh7 30. Qf5+ 0-1

[Event "Excelsior November op"]
[Site "Toronto CAN"]
[Date "2023.11.18"]
[Round "2.3"]
[White "Wang, Derek"]
[Black "Campbell, Ryan"]
[Result "0-1"]
[WhiteElo "2086"]
[BlackElo "2235"]
[PlyCount "64"]
[EventDate "2023.11.17"]
[EventType "swiss"]
[EventRounds "5"]
[EventCountry "CAN"]

1. d4 d5 2. Nc3 Nf6 3. Bf4 c5 4. e3 cxd4 5. exd4 a6 6. Nf3 Nc6 7. Ne5 Bd7 8.
Be2 e6 9. O-O Qb6 10. Nxc6 Bxc6 11. Rb1 Bb4 12. Qd3 Rc8 13. a3 Bxc3 14. Qxc3
O-O 15. Qb4 Qxb4 16. axb4 Bb5 17. Bxb5 axb5 18. c3 Ra8 19. Ra1 Nd7 20. f3 Nb6
21. b3 Rfc8 22. Bd2 f6 23. Kf2 Kf7 24. Ke3 Ke7 25. Kd3 Nd7 26. Rfe1 Kd6 27.
Reb1 g5 28. Bc1 Nf8 29. Bb2 Ng6 30. g3 h5 31. Ra3 Ra6 32. Rxa6+ bxa6 0-1

[Event "Excelsior November op"]
[Site "Toronto CAN"]
[Date "2023.11.18"]
[Round "2.4"]
[White "Loadman, Ian"]
[Black "Oancea, Nicolae"]
[Result "1-0"]
[WhiteElo "2068"]
[BlackElo "1997"]
[PlyCount "55"]
[EventDate "2023.11.17"]
[EventType "swiss"]
[EventRounds "5"]
[EventCountry "CAN"]

1. e4 d5 2. exd5 Nf6 3. Bb5+ Bd7 4. Be2 Nxd5 5. d4 g6 6. Nf3 Bg7 7. O-O O-O 8.
c4 Nf6 9. Nc3 c6 10. h3 Na6 11. Bf4 Nh5 12. Be3 Qc7 13. Qd2 Rfe8 14. Rfd1 Rad8
15. g4 Nf6 16. Bf4 Qc8 17. Rac1 Be6 18. Qe3 h5 19. Ng5 Bd7 20. f3 Nc7 21. Kg2
Ne6 22. Nxe6 Bxe6 23. d5 cxd5 24. cxd5 Bxd5 25. Nxd5 Qa8 26. Nc7 e5 27. Nxa8
exf4 28. Rxd8 1-0

[Event "Excelsior November op"]
[Site "Toronto CAN"]
[Date "2023.11.18"]
[Round "2.5"]
[White "Moses, Neil"]
[Black "Filipovich, David"]
[Result "1-0"]
[WhiteElo "2161"]
[BlackElo "2170"]
[PlyCount "62"]
[EventDate "2023.11.17"]
[EventType "swiss"]
[EventRounds "5"]
[EventCountry "CAN"]

1. e4 c6 2. Nc3 d5 3. Nf3 Bg4 4. h3 Bxf3 5. Qxf3 e6 6. d3 g6 7. g3 Bg7 8. Bg2
Ne7 9. O-O O-O 10. Bf4 Nd7 11. exd5 cxd5 12. Nd1 Nc6 13. c3 e5 14. Bd2 d4 15.
c4 a5 16. b3 Nc5 17. Nb2 Qb6 18. Rab1 Nb4 19. Na4 Nxa4 20. bxa4 Qc5 21. a3 Nc2
22. Rxb7 Qxa3 23. Rxf7 Qxa4 24. Rxf8+ Rxf8 25. Qd5+ Kh8 26. Qxa5 Qb3 27. Be4 h5
28. h4 Ne3 29. fxe3 Rxf1+ 30. Kxf1 Qd1+ 31. Kf2 dxe3+ 1-0

[Event "Excelsior November op"]
[Site "Toronto CAN"]
[Date "2023.11.18"]
[Round "2.6"]
[White "Maulucci, Anthony"]
[Black "Malakar, Saarthak"]
[Result "0-1"]
[WhiteElo "2011"]
[BlackElo "2083"]
[PlyCount "124"]
[EventDate "2023.11.17"]
[EventType "swiss"]
[EventRounds "5"]
[EventCountry "CAN"]

1. d4 d5 2. c4 c6 3. Nc3 Nf6 4. e3 a6 5. Nf3 Bf5 6. Be2 e6 7. O-O Nbd7 8. b3
Bd6 9. Bb2 Ne4 10. Nxe4 Bxe4 11. Ne5 Qg5 12. g3 Nxe5 13. dxe5 Bc5 14. Rc1 Qe7
15. cxd5 exd5 16. e6 f6 17. Bh5+ g6 18. Bf3 Bxf3 19. Qxf3 O-O 20. e4 d4 21. Qg4
Rad8 22. f4 f5 23. exf5 Rxf5 24. Rce1 Rd6 25. Re5 Rxe5 26. fxe5 Qxe6 27. Qf4
Rd7 28. b4 Bxb4 29. Bxd4 Qd5 30. Be3 a5 31. e6 Qxe6 32. Qb8+ Kg7 33. Qf4 Be7
34. Bd4+ Kg8 35. Bc3 Bc5+ 36. Kg2 Qxa2+ 37. Kh3 Qe6+ 38. Kg2 Bd6 39. Qh4 Be5
40. Bxe5 Qxe5 41. Rf2 b5 42. Qg4 Rd8 43. Qh4 Qd5+ 44. Kg1 a4 45. Qb4 Re8 46.
Rd2 Qf5 47. Rf2 Qe6 48. Qc5 Qd5 49. Qa7 Re1+ 50. Rf1 Rxf1+ 51. Kxf1 Qh1+ 52.
Kf2 Qxh2+ 53. Kf3 Qh1+ 54. Kf2 Qd5 55. Kg1 Qd6 56. Kh1 a3 57. Qa8+ Kg7 58. Qa7+
Kh6 59. Qe3+ g5 60. g4 a2 61. Qh3+ Kg7 62. Qf1 Qf6 0-1

[Event "Excelsior November op"]
[Site "Toronto CAN"]
[Date "2023.11.18"]
[Round "2.7"]
[White "Zhong, Ryan Yunhui"]
[Black "Zhao, Jifan"]
[Result "1-0"]
[WhiteElo "1986"]
[BlackElo "2058"]
[PlyCount "85"]
[EventDate "2023.11.17"]
[EventType "swiss"]
[EventRounds "5"]
[EventCountry "CAN"]

1. e4 e6 2. Nf3 d5 3. e5 c5 4. b4 cxb4 5. a3 Nc6 6. axb4 Bxb4 7. c3 Be7 8. d4
Bd7 9. Bd3 f5 10. h4 Qc7 11. Rg1 Nh6 12. Na3 Nxd4 13. cxd4 Qc3+ 14. Ke2 Qxa1
15. Qb3 O-O 16. Bc2 Rac8 17. Bb2 Ba4 18. Rxa1 Bxb3 19. Bxb3 Rc6 20. Nb5 Rb6 21.
Ba4 a6 22. Ba3 axb5 23. Bxe7 Rf7 24. Bxb5 Rxe7 25. Ra8+ Kf7 26. Ng5+ Kg6 27.
Be8+ Rxe8 28. Rxe8 f4 29. Rxe6+ Rxe6 30. Nxe6 Nf5 31. Nxf4+ Kf7 32. Kd3 Nxh4
33. g3 Nf3 34. Nxd5 h5 35. Ke3 Ne1 36. Nf4 g6 37. e6+ Kf6 38. d5 Nc2+ 39. Kd3
Ne1+ 40. Ke4 b5 41. d6 b4 42. e7 Kf7 43. Nd5 1-0

[Event "Excelsior November op"]
[Site "Toronto CAN"]
[Date "2023.11.18"]
[Round "3.2"]
[White "Campbell, Ryan"]
[Black "Loadman, Ian"]
[Result "1-0"]
[WhiteElo "2235"]
[BlackElo "2068"]
[PlyCount "63"]
[EventDate "2023.11.17"]
[EventType "swiss"]
[EventRounds "5"]
[EventCountry "CAN"]

1. e4 e5 2. Nf3 Nc6 3. Bb5 a6 4. Ba4 Nf6 5. O-O d6 6. Re1 Bd7 7. c3 g6 8. d4
Bg7 9. h3 O-O 10. Bc2 Nh5 11. Be3 Qe8 12. Nbd2 Kh8 13. dxe5 dxe5 14. Bc5 Rg8
15. Bb3 Nf4 16. Ng5 Ne6 17. Ndf3 h6 18. Nxe6 Bxe6 19. Qc2 b6 20. Be3 Rd8 21.
Rad1 Qe7 22. Bd5 Nb8 23. c4 Nd7 24. Rd2 f5 25. Nh4 Qxh4 26. Bxe6 f4 27. Bxg8
Kxg8 28. Red1 fxe3 29. Rxd7 Rxd7 30. Rxd7 Bf8 31. fxe3 Bc5 32. Qf2 1-0

[Event "Excelsior November op"]
[Site "Toronto CAN"]
[Date "2023.11.18"]
[Round "3.3"]
[White "Qian, Ashley"]
[Black "Yang, Larry"]
[Result "0-1"]
[WhiteElo "1928"]
[BlackElo "2212"]
[PlyCount "152"]
[EventDate "2023.11.17"]
[EventType "swiss"]
[EventRounds "5"]
[EventCountry "CAN"]

1. e4 e5 2. Nf3 Nc6 3. d4 exd4 4. Nxd4 Nf6 5. Nc3 Bb4 6. Nxc6 bxc6 7. Bd3 d5 8.
exd5 cxd5 9. O-O O-O 10. Bg5 c6 11. Qf3 Be7 12. h3 h6 13. Bf4 Bd6 14. Bxd6 Qxd6
15. Ne2 Rb8 16. b3 c5 17. Ng3 g6 18. Rad1 Bb7 19. Rfe1 Kg7 20. Ne2 Nh5 21. Nc3
Nf4 22. Qg3 Qf6 23. Bf1 Nh5 24. Qd3 Nf4 25. Qd2 Rfe8 26. Rxe8 Rxe8 27. g3 Nxh3+
28. Bxh3 d4 29. Bg2 Bxg2 30. Kxg2 dxc3 31. Qd6 Re2 32. Qxf6+ Kxf6 33. Rd5 Rxc2
34. Rxc5 Rxa2 35. Rxc3 Re2 36. b4 Re7 37. f4 Ke6 38. Rc5 Rb7 39. Ra5 Kd6 40.
Kf3 Kc7 41. f5 Kb6 42. fxg6 fxg6 43. Re5 Rc7 44. b5 Rf7+ 45. Ke4 Rf6 46. g4 Rd6
47. Ke3 g5 48. Rf5 Rd1 49. Rf6+ Kxb5 50. Rxh6 Re1+ 51. Kf3 Re5 52. Rh1 a5 53.
Rb1+ Kc4 54. Ra1 Kb3 55. Rb1+ Kc3 56. Rb6 a4 57. Rc6+ Kb4 58. Rb6+ Ka5 59. Rb8
a3 60. Ra8+ Kb4 61. Rb8+ Ka4 62. Ra8+ Ra5 63. Rc8 a2 64. Rc1 Kb3 65. Ke4 a1=Q
66. Rxa1 Rxa1 67. Kf5 Ra5+ 68. Kg6 Kc4 69. Kh5 Kd4 70. Kg6 Ke4 71. Kh5 Kf4 72.
Kg6 Kxg4 73. Kf6 Kf4 74. Kg6 Ra6+ 75. Kh5 g4 76. Kh4 Rh6# 0-1

[Event "Excelsior November op"]
[Site "Toronto CAN"]
[Date "2023.11.18"]
[Round "3.4"]
[White "Qian, Eric"]
[Black "Moses, Neil"]
[Result "0-1"]
[WhiteElo "1954"]
[BlackElo "2161"]
[PlyCount "86"]
[EventDate "2023.11.17"]
[EventType "swiss"]
[EventRounds "5"]
[EventCountry "CAN"]

1. Nf3 Nf6 2. c4 e6 3. g3 d5 4. Bg2 d4 5. b4 a5 6. b5 c5 7. bxc6 Nxc6 8. O-O
Bc5 9. d3 O-O 10. Bb2 a4 11. Na3 Re8 12. Qc1 e5 13. Nb5 Qe7 14. Ba3 Ra5 15.
Bxc5 Qxc5 16. Nd2 Bf5 17. Rb1 Re7 18. Qc2 Ra8 19. h3 h5 20. Kh2 Bg6 21. a3 Rae8
22. Qxa4 e4 23. dxe4 Nxe4 24. Nxe4 Bxe4 25. Bxe4 Rxe4 26. Nc7 Rc8 27. Rxb7 Rxe2
28. Rb5 Qd6 29. Nd5 h4 30. Qb3 Ne5 31. Nf4 Qc6 32. Rd5 Nxc4 33. Nxe2 Qxd5 34.
Rd1 Qf5 35. Kg2 hxg3 36. Nxg3 Qd5+ 37. Qf3 Ne3+ 38. fxe3 Rc2+ 39. Ne2 Rxe2+ 40.
Kg3 Qe5+ 41. Kg4 Rxe3 42. Qa8+ Kh7 43. Rf1 Rg3+ 0-1

[Event "Excelsior November op"]
[Site "Toronto CAN"]
[Date "2023.11.18"]
[Round "3.5"]
[White "Singh Dhaliwal, Jaipreet"]
[Black "Chaurette, Laurent"]
[Result "0-1"]
[WhiteElo "2148"]
[BlackElo "1940"]
[PlyCount "182"]
[EventDate "2023.11.17"]
[EventType "swiss"]
[EventRounds "5"]
[EventCountry "CAN"]

1. e4 e6 2. d4 d5 3. e5 c5 4. c3 Nc6 5. Nf3 Bd7 6. a3 c4 7. Nbd2 Na5 8. g3 h5
9. h4 Be7 10. Bh3 Nh6 11. O-O Qb6 12. Rb1 Rc8 13. Ne1 g6 14. Ng2 Nb3 15. Nxb3
Qxb3 16. Qf3 Qb6 17. Bg5 Qd8 18. Qf4 Bxg5 19. hxg5 Ng8 20. Ne3 Ba4 21. Rfe1 Rh7
22. Kg2 Ne7 23. Rh1 Kd7 24. Bg4 Kc7 25. Bd1 Bxd1 26. Rbxd1 Qd7 27. Ng4 Ng8 28.
Nf6 Nxf6 29. gxf6 Qa4 30. Rd2 Rg8 31. Qg5 Qb3 32. Ra1 b5 33. a4 b4 34. cxb4
Qxb4 35. Qe3 Rb8 36. Ra3 a5 37. Rc2 Kd7 38. Kg1 Rb7 39. Kg2 Rh8 40. Kh2 Rb6 41.
Kg2 Rb7 42. Kh2 Rhb8 43. Qh6 Qf8 44. Qd2 Qd8 45. Qc1 Rb4 46. Qd2 Qf8 47. Qc1
Kc8 48. Rac3 Rb3 49. Qd2 Qd8 50. Kg2 R8b7 51. Rxb3 Rxb3 52. Qe2 Qb6 53. Qd2 Kb8
54. Qh6 Qd8 55. Rd2 Ka7 56. Qg7 Rb7 57. Qh6 Qe8 58. Qg7 Qxa4 59. Kh2 Qb4 60.
Rc2 Qb6 61. Rd2 Qc7 62. Qf8 Rb3 63. Kg2 Rb8 64. Qa3 Rb4 65. Rd1 Qb6 66. Rd2 Ka6
67. Qa1 Rb3 68. Qc1 Qb4 69. Kh3 a4 70. Rc2 Qb6 71. Rd2 Qb5 72. Rc2 Ka5 73. Rd2
Qb4 74. Qc2 a3 75. bxa3 Qxa3 76. Rd1 Qb2 77. Rd2 Qxc2 78. Rxc2 Kb4 79. Kh4 c3
80. Kg5 Kc4 81. Kh6 Kd3 82. Rc1 Kd2 83. Ra1 Rb7 84. Kg7 c2 85. Ra2 Kd1 86. Ra8
c1=Q 87. Re8 Qa3 88. f4 Ke2 89. Rf8 Qxf8+ 90. Kxf8 Kf3 91. f5 gxf5 0-1